000 00923nam a2200289 a 4500
005 20170327125651.0
008 140306t2002 ck a gr|||| 00| 0 spa d
020 _a9583331902
040 _aCO-BoIAVH
_cCO-BoIAVH
041 _aspa
044 _ack
082 4 _a595.78909861
_bG21m
100 1 _aGarcía Robledo, Carlos A.
_916575
245 1 _aGuía de Campo
_bmariposas comunes de la cordillera Central de Colombia
260 _aCali
_bWildlife Conservation Society
_c2002
300 _a130 paginas.:
_bilustraciones.;
_c19 x 10 cm
650 4 _aMariposas
_zCordillera Central
_947673
650 4 _aNymphalidae
_947675
650 4 _aLycaenidae
_947676
650 4 _aRiodinidae
_947677
650 4 _aHesperidae
_947678
650 4 _947674
_aPapilionidae
700 1 _aHeredia, María Dolores
_914033
700 1 _aKattan, Gustavo H.
_94374
700 1 _aConstantino-Ch., Luis Miguel
_947679
942 _cLIBRO
_2ddc
999 _c2579
_d2579